<?xml version="1.0" encoding="UTF-8"?><?xml-stylesheet type="text/xsl" href="static/style.xsl"?><OAI-PMH xmlns="http://www.openarchives.org/OAI/2.0/" xmlns:xsi="http://www.w3.org/2001/XMLSchema-instance" xsi:schemaLocation="http://www.openarchives.org/OAI/2.0/ http://www.openarchives.org/OAI/2.0/OAI-PMH.xsd"><responseDate>2026-06-05T21:44:20Z</responseDate><request verb="GetRecord" identifier="oai:riuma.uma.es:10630/8122" metadataPrefix="marc">https://riuma.uma.es/rest/oai/request</request><GetRecord><record><header><identifier>oai:riuma.uma.es:10630/8122</identifier><datestamp>2026-02-03T12:19:14Z</datestamp><setSpec>com_10630_2254</setSpec><setSpec>col_10630_37959</setSpec></header><metadata><record xmlns="http://www.loc.gov/MARC21/slim" xmlns:dcterms="http://purl.org/dc/terms/" xmlns:doc="http://www.lyncode.com/xoai" xmlns:xsi="http://www.w3.org/2001/XMLSchema-instance" xsi:schemaLocation="http://www.loc.gov/MARC21/slim http://www.loc.gov/standards/marcxml/schema/MARC21slim.xsd">
   <leader>00925njm 22002777a 4500</leader>
   <datafield ind2=" " ind1=" " tag="042">
      <subfield code="a">dc</subfield>
   </datafield>
   <datafield ind2=" " ind1=" " tag="720">
      <subfield code="a">Mérida-López, Sergio</subfield>
      <subfield code="e">author</subfield>
   </datafield>
   <datafield ind2=" " ind1=" " tag="720">
      <subfield code="a">Quintana-Orts, Cirenia Luz</subfield>
      <subfield code="e">author</subfield>
   </datafield>
   <datafield ind2=" " ind1=" " tag="720">
      <subfield code="a">Rey-Peña, Lourdes</subfield>
      <subfield code="e">author</subfield>
   </datafield>
   <datafield ind2=" " ind1=" " tag="720">
      <subfield code="a">Extremera-Pacheco, Natalio</subfield>
      <subfield code="e">author</subfield>
   </datafield>
   <datafield ind2=" " ind1=" " tag="260">
      <subfield code="c">2014-09-26</subfield>
   </datafield>
   <datafield ind2=" " ind1=" " tag="520">
      <subfield code="a">Diversos trabajos previos han constatado que las habilidades emocionales son un predictor significativo de la frecuencia e intensidad de ideaciones suicidas. Sin embargo, poco se sabe sobre los mecanismos implicados en esta relación. El objetivo de este estudio fue analizar la relación entre la inteligencia emocional (IE), la percepción de estrés y frecuencia de ideaciones y comportamientos suicidas. Además se examinó el papel potencial del estrés percibido como mediador en la relación entre IE y frecuencia en las ideaciones suicidas en una muestra de alumnas universitarias. Ciento cuatro mujeres estudiantes de Psicología de la Universidad de Málaga completaron un inventario con autoinformes de inteligencia emocional percibida, así como de comportamientos suicidas (SBQ-R) y de estrés percibido. Los resultados de este estudio indican relaciones negativas entre IE y estrés percibido y a su vez entre IE y comportamientos suicidas. Además, como era de esperar, el estrés percibido se asoció significa y positivamente con ideaciones y comportamientos suicidas. Finalmente, la percepción de estrés de las estudiantes universitarias medió totalmente la relación entre la IE y los comportamientos suicidas. Estos resultados aportan evidencia preliminar de un posible mecanismo explicativo de relación existente entre habilidades emocionales y frecuencia en las ideaciones y comportamientos suicidas. Se discuten la importancia de incluir las habilidades emocionales y las estrategias de manejo de estrés en la prevención de comportamientos e ideaciones suicidas en universitarios.</subfield>
   </datafield>
   <datafield ind1="8" ind2=" " tag="024">
      <subfield code="a">http://hdl.handle.net/10630/8122</subfield>
   </datafield>
   <datafield tag="653" ind2=" " ind1=" ">
      <subfield code="a">Emociones</subfield>
   </datafield>
   <datafield tag="653" ind2=" " ind1=" ">
      <subfield code="a">Estrés (Psicología)</subfield>
   </datafield>
   <datafield ind2="0" ind1="0" tag="245">
      <subfield code="a">Inteligencia emocional, ideaciones y comportamientos suicidas en estudiantes universitarias: el efecto mediador del estrés percibido</subfield>
   </datafield>
</record>
</metadata></record></GetRecord></OAI-PMH>